[Event "73rd RUS-ch Higher League 2020"]
[Site "Sochi"]
[Date "2020.10.11"]
[Round "4.14"]
[White "Rozum, Ivan"]
[Black "Murzin, Volodar"]
[Result "1/2-1/2"]
[WhiteElo "2566"]
[BlackElo "2465"]
[Annotator "TA"]
[PlyCount "68"]
[EventDate "2020.10.08"]
[EventType "swiss"]
[EventCountry "RUS"]
[SourceTitle "playchess.com"]
[Source "ChessBase"]
[SourceQuality "1"]

{[%evp 22,68,14,0,25,18,22,26,47,47,57,50,68,57,73,65,60,61,90,70,68,75,79,0,0,0,0,0,0,0,0,0,0,0,0,0,0,-22,-9,-9,0,0,0,0,0,0,0,0,0]} 1. g3 g6 2. Bg2 Bg7 3. d4 Nf6 4. e4 d6 5. Nc3 O-O 6. Nge2 e5 7. h3 a6 8. a4 Nc6 9. Be3 exd4 10. Nxd4 Bd7 11. O-O Re8 12. Re1 Qc8 {B07: Pirc Defence: Miscellaneous Systems.} 13. Kh2 h5 14. a5 {[#]} Nh7 $146 {White has an edge.} ({Predecessor:} 14... Rb8 15. Qd2 Ne5 16. b3 c5 17. Nde2 Bxh3 18. Bxh3 Nf3+ 19. Kg2 Nxd2 20. Bxc8 Nfxe4 {1-0 (67) Prudnikova,S (2426)-Cedikova,K (2181) Istanbul 2003}) 15. f4 Nf8 16. Qd2 Nxd4 17. Bxd4 Bxd4 18. Qxd4 Bc6 19. Re2 Qb8 20. Rae1 Qa7 21. Qc4 Ne6 22. e5 (22. Nd5 $16) 22... Qd4 $36 {[%mdl 2048] Black has good play.The position is equal.} 23. Qxd4 Nxd4 24. Rd2 dxe5 25. Rxe5 Rxe5 26. fxe5 Nf3+ 27. Bxf3 $1 Bxf3 {[%mdl 4096] Endgame KRB-KRN} 28. Nd5 Kf8 {And now ...Rd8 would win.} 29. e6 {[#] aiming for e7+.} ({Much weaker is} 29. Nxc7 Rc8 $17) 29... Bxd5 30. Rxd5 Re8 31. Rd7 Re7 32. Rd8+ Re8 33. Rd7 Re7 34. Rd8+ Re8 {Accuracy: White = 94%, Black = 89%.} 1/2-1/2

[Event "73rd RUS-ch Higher League 2020"]
[Site "Sochi"]
[Date "2020.10.11"]
[Round "4.15"]
[White "Sviridov, Valery"]
[Black "Belyakov, Bogdan"]
[Result "1-0"]
[WhiteElo "2558"]
[BlackElo "2458"]
[Annotator "TA"]
[PlyCount "95"]
[EventDate "2020.10.08"]
[EventType "swiss"]
[EventCountry "RUS"]
[SourceTitle "playchess.com"]
[Source "ChessBase"]
[SourceQuality "1"]

{[%evp 19,95,25,48,54,64,39,51,12,20,17,11,23,30,23,33,-38,-29,-28,-32,-26,-29,-19,-2,0,0,0,37,51,85,62,35,38,41,45,107,87,156,164,230,217,295,291,268,258,442,436,425,295,284,225,1096,999,1186,1159,2621,2583,29955,29957,5916,1906,29986,29987,29987,29979,29985,29986,29986,29987,29987,29988,29988,29978,29974,29974,12794,5755,29994,29977]} 1. d4 Nf6 2. Nf3 g6 3. c4 Bg7 4. Nc3 O-O 5. e4 d6 6. Be2 e5 7. O-O Nc6 8. Be3 Ng4 9. Bg5 f6 10. Bh4 h5 11. d5 {was the old line (11.h3). E97: King's Indian: Classical Main Line (6...e5 7 0-0 Nc6): 8 Be3 and 8 d5 Ne7, not 9 Ne1.} Ne7 12. h3 Nh6 13. Bg3 {White is slightly better.} g5 14. Nd2 g4 15. hxg4 hxg4 16. c5 f5 {[#]} 17. Bh4 $146 (17. cxd6 $14 cxd6 18. Bh4) ({Predecessor:} 17. cxd6 cxd6 18. exf5 Nexf5 19. Nde4 a6 20. Re1 Nxg3 21. Nxg3 Rxf2 22. Kxf2 Qb6+ 23. Kf1 {½-½ (43) Mertanen,J (2280)-Paakkonen,T (2290) Finland 2011}) 17... f4 $1 $15 18. Bg5 f3 19. gxf3 Qe8 {Threatens to win with ...gxf3.} 20. fxg4 {[#] Black must now prevent cxd6.} Qg6 $1 {[%cal Rg6g5]} 21. Bxh6 (21. Bxe7 Nxg4 22. f3 (22. Bxg4 $2 Bxg4 23. f3 Bxf3+ {[%mdl 64] Discovered Attack} 24. Kf2 Bxd1+ $19) (22. Bg5 $2 Qxg5 23. f3 Ne3+ {[%mdl 64] Double Attack} 24. Kf2 Nxd1+ $19) 22... Ne3+ 23. Kf2 Nxd1+ 24. Raxd1 Rf7 $11) 21... Bxh6 22. Nc4 $1 {Strongly threatening f3.} Bf4 {( -> ...Qh6)} 23. Kg2 $1 {Nb5 is the strong threat.} (23. cxd6 $2 {leads to mate.} Qh6 24. Kg2 Qh2+ 25. Kf3 Bh6#) 23... Qf6 24. Rh1 Be3 25. Qg1 (25. fxe3 $2 {is a self mate.} Qf2+ 26. Kh3 Rf6 27. cxd6 Rh6#) 25... Bxc5 26. Ne3 {And now Nf5 would win.} Qg7 {White now steadily converts the win.} (26... Rf7 $1 $14) 27. Rh2 $36 {[%mdl 2048] Black is under strong pressure.} Bd7 (27... Rf6 $142) 28. Kh1 Bxe3 (28... Kf7 $142) 29. fxe3 $18 Rf7 30. g5 Raf8 31. Qg3 c6 $2 (31... b5 {was worth a try.} 32. Nxb5 (32. Bxb5 Bxb5 33. Nxb5 Rf1+ 34. Rxf1 Rxf1+ 35. Kg2 Rb1 $16) 32... Qg6) 32. dxc6 bxc6 33. Bc4 d5 34. exd5 cxd5 $2 (34... Nf5 35. Qg1 Nd6) 35. Nxd5 {[%cal Rd5e7]} Bc6 36. Qg2 {[%cal Rd5e7]} Nxd5 37. Bxd5 Bxd5 38. Qxd5 Qg6 39. e4 (39. Rf1 $142 a5 40. Rh6 Qxg5 {[#]} 41. Rg1 $1 {[%mdl 512]} Qxg1+ 42. Kxg1) 39... Rc8 40. Rf1 Rcf8 41. Rf6 {[%cal Rf6g6]} Qg7 42. Rhh6 Qxg5 43. Rfg6+ Qxg6 44. Rxg6+ Kh7 45. Qe6 Rf1+ 46. Kh2 R1f2+ 47. Rg2 {[%cal Re6h3]} R2f6 48. Qxe5 {Accuracy: White = 82%, Black = 52%.} 1-0

[Event "73rd RUS-ch Higher League 2020"]
[Site "Sochi"]
[Date "2020.10.11"]
[Round "4.16"]
[White "Gaifullin, Artur"]
[Black "Iljiushenok, Ilia"]
[Result "1/2-1/2"]
[WhiteElo "2440"]
[BlackElo "2515"]
[Annotator "TA"]
[PlyCount "125"]
[EventDate "2020.10.08"]
[EventType "swiss"]
[EventCountry "RUS"]
[SourceTitle "playchess.com"]
[Source "ChessBase"]
[SourceQuality "1"]

{[%evp 17,125,25,49,24,20,16,22,0,20,14,25,20,31,18,32,0,0,-56,-32,-27,-19,-31,-8,-28,-18,-54,-27,-28,-26,-85,-46,-67,-39,-61,-60,-81,-64,-54,-52,-50,0,0,0,-50,-54,-50,-37,-69,-70,-125,-120,-236,0,0,0,-215,-68,-70,-14,0,-4,-10,0,0,0,-27,-24,-31,-20,-20,-20,-93,-79,-190,-194,-198,-196,-183,-181,-322,-290,-357,-343,-324,-23,-23,-23,-39,0,0,0,0,0,0,0,0,0,0,0,0,0,0,0,0,0,0,0,0,0,0]} 1. d4 Nf6 2. c4 g6 3. Nc3 Bg7 4. g3 O-O 5. Bg2 d6 6. Nf3 c6 7. O-O Qb6 8. b3 Nbd7 9. e4 e5 10. dxe5 {E68: King's Indian: Fianchetto: 6...Nbd7 7 0-0 e5 8 e4.} dxe5 11. Be3 Qc7 12. h3 Re8 13. Qc2 Bf8 14. Na4 b6 {[%cal Bb7b6,Bb6b5][%mdl 32] [#]} 15. Rad1 $146 ({Predecessor:} 15. Ne1 Bb7 16. Nd3 Rad8 17. Rad1 Bg7 18. Nc3 Nf8 19. f4 Nh5 {½-½ (20) Velikov,P (2475)-Mednis,E (2445) Graz 1987}) 15... Ba6 16. Nh2 Rad8 17. f4 (17. Rd3 $11) 17... b5 18. Nb2 exf4 19. Bxf4 Qb6+ 20. Kh1 Bg7 21. cxb5 Bxb5 22. Nc4 Bxc4 $1 23. bxc4 (23. Qxc4 $11 {keeps the balance.} Ne5 24. Qc2 (24. Bxe5 Rxe5 25. Rxd8+ Qxd8 $11)) 23... Ne5 24. c5 Qa5 25. Rxd8 Qxd8 26. Nf3 Nh5 27. Kh2 Nxf3+ 28. Rxf3 Be5 29. Bxe5 Rxe5 30. Qb3 Qc7 31. Qb4 Rg5 {[%cal Rh5g3]} 32. e5 Qxe5 {[%cal Rg5g3]} 33. Qb7 (33. Qb3 $15 Qc7 34. Qe3) 33... Rf5 $1 $17 {[%cal Rf5f3]} 34. Ra3 {[#]} (34. Qxc6 $17 {was worth a try.} Rxf3 35. Qxf3) 34... Rg5 $2 ({But not} 34... Qxc5 35. Qxa7 Kg7 36. Qxc5 $17) ({Better is} 34... Rf2 $1 $19 35. Qxc6 Kg7) 35. Rf3 $11 Rf5 $2 (35... Qe8 $11) 36. Ra3 $1 $19 {[#]} Qxc5 (36... Rf2 $1 $19 37. Qxc6 Kg7) 37. Qxa7 $15 Qxa7 (37... Kg7 $15) 38. Rxa7 $19 {[%mdl 4096] Endgame KRB-KRN} Rf2 39. a4 f5 40. Kg1 Rc2 41. Rc7 Nxg3 42. Rxc6 Rd2 43. a5 {White wants to play a6.} Ne2+ 44. Kf1 (44. Kf2 $1 $11 Nd4+ 45. Ke3 Nxc6 46. Kxd2 Nxa5 47. Kc3) 44... Nf4 $17 45. Rc8+ {[#]} (45. a6 $17 Ra2 46. Bf3) 45... Kg7 $1 $19 46. Bb7 Ra2 ({Weaker is} 46... Nxh3 47. Rc3 $15) 47. a6 Nxh3 48. Rc4 (48. Rc7+ {might work better.} Kh6 49. Bc8) 48... Kf6 49. Bc8 Ke5 50. Rc7 Nf4 $2 (50... h5 $19 {And now ...Ra1+ would win.} 51. Re7+ Kf4) 51. Rxh7 $11 Nd5 52. Rg7 $1 f4 {Strongly threatening ...Kf6.} 53. Rxg6 {The position is equal.} Ne3+ (53... f3 $5 54. Rg5+ $8 Kd4 55. Rxd5+ Kxd5 56. Bb7+ Ke5 57. Bxf3 Rxa6 $11) 54. Kg1 $1 f3 55. Re6+ Kf4 56. Rf6+ Kg3 {[%cal Ra2a1]} 57. Rg6+ Kh4 (57... Kf4 $5 {[%cal Rf3f2]} 58. Rf6+ Kg3 59. Rg6+ Kh4 60. Rh6+ Kg5 $11) 58. Rh6+ $1 Kg3 {[%cal Ra2a1]} (58... Kg5 $5 59. Rh2 $8 Ra1+ 60. Kf2 Ng4+ 61. Bxg4 Kxg4 $11) 59. Rg6+ Kh4 (59... Kf4 $5 60. Rf6+ $8 Kg3 61. Rg6+ $11) 60. Rh6+ $1 Kg5 {( -> ...f2+)} 61. Rh2 Ra1+ 62. Kf2 Ra2+ 63. Kxf3 {Whites escaped into a draw. Accuracy: White = 64%, Black = 75%.} 1/2-1/2

[Event "73rd RUS-ch Higher League 2020"]
[Site "Sochi"]
[Date "2020.10.11"]
[Round "4.17"]
[White "Lobanov, Sergei"]
[Black "Lugovskoy, Maxim"]
[Result "1/2-1/2"]
[WhiteElo "2510"]
[BlackElo "2420"]
[Annotator "TA"]
[PlyCount "79"]
[EventDate "2020.10.08"]
[EventType "swiss"]
[EventCountry "RUS"]
[SourceTitle "playchess.com"]
[Source "ChessBase"]
[SourceQuality "1"]

{[%evp 10,79,29,11,39,33,31,22,42,24,52,41,43,45,58,50,50,38,41,33,41,40,27,32,27,27,35,38,87,83,113,115,218,0,0,0,0,-43,-19,-20,-6,-6,-3,-8,-8,-8,-8,-8,-15,-10,-20,-46,-38,-43,0,0,0,0,0,0,0,0,0,0,0,0,0,0,0,0,0,0]} 1. e4 e6 2. d4 d5 3. Nc3 Nf6 4. Bg5 Be7 5. e5 Nfd7 6. h4 Nc6 {C14: French: Classical System: 4 Bg5 Be7 main line.} 7. Qd2 a6 8. O-O-O h6 9. Bxe7 {[#]} Qxe7 $146 ({Predecessor:} 9... Nxe7 10. f4 c5 11. g4 b5 12. Kb1 Qb6 13. Nce2 b4 14. Ng3 cxd4 15. Nf3 Nc6 {½-½ (33) Buecker,J (2559)-Baranowski,T (2426) ICCF email 2012}) 10. f4 Nb6 11. h5 Bd7 12. Nf3 O-O-O 13. b3 Kb8 14. Kb2 Rc8 15. Ne1 f6 16. Be2 fxe5 17. fxe5 Rhf8 18. a3 Na7 19. Nd3 Nb5 {[#]} 20. Nc5 $1 Rf2 {[#]} (20... Na7 $16 {is a better defense.}) 21. Nxd7+ $2 (21. Nxb5 $1 $18 Bxb5 22. Qb4) 21... Nxd7 $11 22. Nxb5 axb5 23. Rh2 c5 {Threatens to win with ...cxd4.} 24. Qe1 Rf4 25. Bxb5 cxd4 {aiming for ...Re4.} 26. g3 $132 {[%mdl 2048] White puts up resistance} Re4 27. Re2 Nc5 28. Rxe4 Nxe4 29. Bd3 $1 {[%cal Rd3e4]} Nc3 30. Rd2 Qg5 31. Rh2 $1 Rf8 (31... Ne4 $5) 32. Rh4 {The position is equal.} Rc8 33. Rxd4 Qxh5 34. Rf4 g5 35. Rf6 Qg4 36. Qg1 Nd1+ 37. Kc1 Nc3 {And now ...Ne2+ would win.} 38. Kb2 Nd1+ 39. Kc1 Nc3 {White must now prevent ...Ne2+.} 40. Kb2 {Accuracy: White = 91%, Black = 78%.} 1/2-1/2

[Event "73rd RUS-ch Higher League 2020"]
[Site "Sochi"]
[Date "2020.10.11"]
[Round "4.18"]
[White "Klimentov, Evgeny"]
[Black "Nesterov, Arseniy"]
[Result "0-1"]
[WhiteElo "2222"]
[BlackElo "2510"]
[Annotator "TA"]
[PlyCount "104"]
[EventDate "2020.10.08"]
[EventType "swiss"]
[EventCountry "RUS"]
[SourceTitle "playchess.com"]
[Source "ChessBase"]
[SourceQuality "1"]

{[%evp 11,104,0,0,0,0,0,0,-6,-6,-20,-20,-17,-16,-81,-40,-134,-132,-156,-139,-145,-131,-150,-139,-157,-169,-179,-110,-187,-90,-89,-70,-84,-73,-72,-77,-58,-44,-139,-57,-66,-59,-77,-76,-71,-56,-47,-71,-62,-65,-50,-62,-40,-7,-11,-8,-19,-16,-14,-12,-42,-46,-125,-106,-134,-87,-100,-85,-98,-83,-330,-319,-413,-295,-263,-207,-331,-271,-302,-8,-1968,-1949,-2023,-1181,-1808,-1278,-1178,-1158,-4627,-4627,-29962,-5129,-29979,-29979,-29979,-29960]} 1. e4 e6 2. d4 d5 3. Nd2 c5 4. Ngf3 Nc6 5. exd5 exd5 6. dxc5 Bxc5 7. Bd3 {C09: French Tarrasch: 3...c5 4 exd5 exd5 5 Ngf3 Nc6.} Nf6 8. Nb3 Bb6 9. Qe2+ {The position is equal.} Be6 10. Be3 O-O 11. Bxb6 Qxb6 {[#]} 12. O-O-O $146 (12. O-O $11) ({Predecessor:} 12. O-O Rfe8 13. Qd2 a5 14. c3 Ne4 15. Qc2 Bf5 16. Nbd4 Bg6 17. Rad1 Re7 18. Qb3 Qxb3 19. axb3 {½-½ (27) Schroll,G (2414)-Neubauer,M (2417) Hartberg 2003}) 12... a5 {[%cal Ba7a5,Ba5a4][%mdl 32]} 13. Nbd4 (13. Qe3 $15 Qxe3+ 14. fxe3) 13... Bg4 $17 ({But not} 13... Nxd4 $6 14. Nxd4 a4 15. a3 $11) 14. Nxc6 bxc6 15. h3 Bxf3 16. gxf3 a4 17. a3 d4 {...Rfb8 is the strong threat.} 18. Qd2 Rfb8 ({Better is} 18... Nd5 $19 {aiming for ...Rab8.} 19. Bc4 Rab8) 19. c4 (19. c3 $17) 19... dxc3 (19... Nd7 $19 {and Black stays clearly on top.} 20. f4 Ra7) 20. Qxc3 Nd5 21. Qc2 Ra5 {White must now prevent ...Rc5!} 22. Bc4 ({Don't blunder} 22. Bxh7+ $2 Kh8 $19) 22... g6 23. Rd2 Rc5 24. Rhd1 (24. Qe4 $15) 24... Qc7 (24... Qa5 $17 {And now ...Nb6 would win.} 25. Rg1 Qc7) 25. Qe4 Nb6 26. Rc2 {Threatens to win with Bxf7+!} Nxc4 27. Rxc4 Rxc4+ 28. Qxc4 {[%mdl 4096] Endgame KQR-KQR} Qe5 {[%csl Gb8][%cal Re5b2]} 29. Qd4 Qe2 $40 {[%mdl 128] Black attacks.} 30. f4 {[#]} c5 $1 {[%mdl 512]} 31. Qe5 (31. Qxc5 Qxb2#) 31... Qc4+ 32. Kb1 Qb3 33. Rc1 Rd8 34. Qxc5 Qxh3 35. Ka1 (35. f5 $5) 35... h5 36. Qa5 ({White should try} 36. f5 $1 $15) 36... Rc8 37. Re1 Qd7 38. f5 Qxf5 39. Qxf5 gxf5 {KR-KR} 40. Re5 $2 (40. Rh1 $17) 40... Kg7 $19 41. Rxf5 Kg6 42. Rf4 Ra8 43. b3 (43. Ka2 $142) 43... axb3 44. Kb2 {[#]} f5 $2 (44... Rb8 $1 $19 {White should prevent ...f6.} 45. Rf3 h4) 45. Rc4 $2 {[%mdl 8192]} (45. Kxb3 $11 Kg5 46. Rf3) 45... Kg5 46. Rc1 h4 47. Rh1 Rh8 48. a4 h3 49. a5 h2 50. a6 Kg4 51. a7 Kh3 52. Ra1 Ra8 {Accuracy: White = 51%, Black = 74%.} 0-1

[Event "73rd RUS-ch Higher League 2020"]
[Site "Sochi"]
[Date "2020.10.11"]
[Round "4.19"]
[White "Kobalia, Mikhail"]
[Black "Nazaretyan, Tigran"]
[Result "1-0"]
[WhiteElo "2614"]
[BlackElo "2308"]
[Annotator "TA"]
[PlyCount "127"]
[EventDate "2020.10.08"]
[EventType "swiss"]
[EventCountry "RUS"]
[SourceTitle "playchess.com"]
[Source "ChessBase"]
[SourceQuality "1"]

{[%evp 14,127,25,10,10,20,22,13,19,23,28,4,22,21,21,21,20,22,32,23,37,12,19,1,8,6,6,6,4,6,2,-20,-13,-38,0,0,0,-40,0,0,0,0,0,0,20,22,15,21,37,31,28,31,442,445,411,416,438,360,608,612,549,529,518,494,489,495,479,455,520,511,576,480,472,452,585,472,566,659,628,649,645,607,598,572,830,825,1003,888,863,741,775,763,12834,6498,5601,2501,29983,29984,29983,29976,29986,29975,29979,29980,29980,29981,29981,29982,29986,29987,29988,29987,29986,29984,29991,29990]} 1. e4 e5 2. Nf3 Nc6 3. Bc4 Bc5 4. c3 Nf6 5. d3 d6 6. O-O a6 7. a4 $1 {[%mdl 4] is currently scoring better than 7.Bb3. Played by Levon Aronian in September 2020.} Ba7 8. b4 h6 {C54: Giuoco Piano: 4 c3 Nf6, main lines with 5 d4 and 5 d3.} 9. Nbd2 O-O 10. h3 Re8 {The position is equal.} 11. Re1 Be6 12. Qc2 $5 {[%mdl 4] Exploring less charted territory.} Nh5 13. Bxe6 fxe6 14. Nf1 {[#]} Qf6 $146 ({Predecessor:} 14... Rf8 15. b5 Ne7 16. bxa6 bxa6 17. N1h2 Ng6 18. Be3 Nh4 19. Qa2 Nxf3+ 20. Nxf3 Qd7 {½-½ (72) Saduakassova,D (2440)-Abdusattorova,B (2204) Tashkent 2017}) 15. Be3 Nf4 16. Bxa7 Rxa7 17. Re3 Raa8 18. h4 Rf8 (18... Re7 {is interesting.} 19. N1h2 Qg6 20. g3 Nh5 21. Rae1 Nf6) 19. N1h2 Rf7 (19... Nh5 {seems wilder.} 20. g3 Qg6 21. Qa2 Qf7 22. Re2 Nf6) 20. g3 Qg6 21. Kh1 Nh5 $1 22. Ng1 Raf8 23. Rf3 a5 24. b5 Nb8 25. Re1 Nd7 26. Rxf7 $1 Rxf7 27. Ngf3 Ndf6 28. Re3 Ng4 29. Nxg4 Qxg4 30. Nh2 Qh3 31. Kg1 Nf6 $1 32. Qe2 g5 $2 {[%mdl 8192] [#] This move loses the game for Black.} (32... Kh7 $14) 33. g4 $1 $18 Qxh4 {With the idea ...h5.} 34. Kg2 h5 {[%cal Rh5g4]} 35. Rh3 hxg4 $2 (35... Nxg4 36. Rxh4 Rxf2+ 37. Qxf2 Nxf2) 36. Rxh4 gxh4 37. Qe3 Rg7 {Black hopes to continue with ...g3.} 38. Qh6 h3+ 39. Kh1 Kf7 40. Nf1 b6 41. Ng3 Rh7 42. Qg5 Rg7 43. Qc1 Kg6 44. Qd1 Kg5 45. Qd2+ Kg6 46. d4 Rf7 47. Kg1 Nh7 48. Qd1 Rf3 49. dxe5 Ng5 50. exd6 cxd6 51. Qc2 Kf6 {[#]} 52. e5+ $1 {[%mdl 64] Deflection} Kxe5 (52... dxe5 53. c4) 53. Qg6 h2+ 54. Kg2 (54. Kh1 $142 Rxc3 55. Qg7+ Kd5 56. Qxc3) 54... Rxg3+ 55. fxg3 {White mates.} ({Weaker is} 55. Kxg3 h1=Q $16) 55... Ne4 56. Kxh2 Kd5 {[#]} 57. c4+ $1 Ke5 (57... Kxc4 58. Qxe4+) 58. Qxg4 d5 59. cxd5 exd5 60. Qf4+ Kd4 61. g4 Kc3 62. Qe3+ Kc4 63. Qxb6 d4 64. Qe6+ {Accuracy: White = 84%, Black = 59%.} 1-0

[Event "73rd RUS-ch Higher League 2020"]
[Site "Sochi"]
[Date "2020.10.11"]
[Round "4.20"]
[White "Zabotin, Alexander"]
[Black "Ibadov, Dashgyn"]
[Result "1-0"]
[WhiteElo "2486"]
[BlackElo "2296"]
[Annotator "TA"]
[PlyCount "69"]
[EventDate "2020.10.08"]
[EventType "swiss"]
[EventCountry "RUS"]
[SourceTitle "playchess.com"]
[Source "ChessBase"]
[SourceQuality "1"]

{[%evp 18,69,45,47,61,45,78,74,72,70,82,52,61,56,53,0,0,0,68,65,101,87,101,0,110,90,127,117,117,117,125,108,120,88,587,575,567,543,635,474,633,635,608,587,649,624,766,804,844,817,964,928,921,912]} 1. d4 Nf6 2. c4 c5 3. d5 d6 4. Nc3 g6 5. e4 Bg7 6. Nf3 O-O 7. h3 e6 8. Bd3 exd5 9. cxd5 Re8 10. O-O Nbd7 {A70: Modern Benoni: 6 e4 g6 7 Nf3.} 11. Re1 Ne5 {outshines the older 11...a6.} 12. Nxe5 Rxe5 {White is better.} 13. Bf4 Nh5 14. Be3 Qh4 15. Qd2 g5 {[#]} 16. b4 $146 (16. Nb5 $14 Nf4 17. Bf1 (17. Nxd6 Nxg2 18. Nxc8 Nxe1 $15)) ({Predecessor:} 16. Bf1 Nf4 17. Nb5 Qh6 18. h4 Qxh4 19. Nxd6 g4 20. g3 Nh3+ 21. Kg2 Qf6 22. Nf5 Bxf5 23. exf5 Qxf5 {0-1 (32) Sakaev,K (2596)-Ivanisevic,I (2593) Moscow 2019}) 16... Nf4 $11 {Threatens to win with ...Nxg2!} 17. Bf1 $1 (17. bxc5 $2 Nxg2 $1 {[%mdl 512]} 18. f3 Nxe1 $19) 17... Bxh3 (17... cxb4 $11 18. Nb5 {[%mdl 64] Double Attack} Bxh3 19. gxh3 (19. Nxd6 Nxg2 20. Bxg2 Bxg2 $11) 19... Nxh3+ 20. Bxh3 Qxh3) 18. gxh3 $14 cxb4 {[#]} 19. Ne2 $1 {[%cal Re2f4]} Rxe4 20. Ng3 (20. Bxf4 $1 $16 gxf4 21. Bg2) 20... Re5 (20... Bc3 $1 $11 21. Nxe4 Bxd2 22. Bxd2 Kg7) 21. Rad1 Rae8 22. Bxa7 Nxh3+ 23. Bxh3 Qxh3 24. Rxe5 ({Much weaker is} 24. Qxb4 $6 f5 $11) 24... Rxe5 25. Bb8 ({But not} 25. Qxb4 h5 $11) 25... Qg4 $2 {[%mdl 8192] Now Black is done in.} (25... Bf8 $16) 26. Bxd6 $18 {[%mdl 64] Double Attack. White is clearly winning.} Re8 27. Re1 Rd8 28. Qxb4 h5 29. Qxg4 hxg4 30. Nf5 Kh7 31. Kg2 Bf6 32. Kg3 Ra8 33. a3 Kg6 34. Kxg4 Ra4+ 35. Bb4 {Accuracy: White = 72%, Black = 47%.} 1-0